Paroles - Bravo tu as gagné - Mireille Mathieu - Statistiques

Statistiques générales
  • Ce quiz a été pris 77 fois
  • Le résultat moyen est 204 sur 244
Statistiques - réponses
Réponse % Correct
a
100%
à
100%
as
100%
Bravo
100%
bravo
100%
Et
100%
et
100%
gagné
100%
j'ai
100%
moi
100%
perdu
100%
tout
100%
tu
100%
On
98%
on
98%
plus
98%
ne
96%
Ne
96%
s'est
96%
En
94%
la
94%
94%
tellement
94%
aimé
92%
le
92%
Le
92%
Nous
92%
nous
92%
s'aime
92%
de
90%
je
90%
les
90%
vie
90%
avons
88%
ensemble
88%
notre
88%
joué
85%
ma
85%
pas
85%
un
85%
me
83%
son
83%
beau
81%
est
81%
jour
81%
pour
81%
puis
81%
amour
79%
Amour
79%
chance
79%
dés
79%
des
79%
Mais
79%
Qui
79%
ta
79%
tourné
79%
ce
77%
dans
77%
deux
77%
finira
75%
Que
75%
s'en
75%
si
75%
tous
75%
ou
73%
partie
73%
seul
73%
va
73%
côté
71%
fort
71%
main
71%
soir
71%
chacun
69%
comme
69%
jetés
69%
sont
69%
c'est
67%
guerre
67%
pourtant
67%
quand
67%
grande
65%
tricheurs
65%
heureux
63%
Il
63%
J'étais
63%
loi
63%
mal
63%
noir
63%
reste
63%
rouge
63%
dernier
60%
finit
60%
tranquille
60%
tribunal
60%
ville
60%
vivais
60%
cette
58%
étais
58%
pair
58%
remplacer
58%
impair
56%
peur
56%
qu'elle
56%
clos
54%
juge
54%
partenaire
54%
sûre
54%
choisi
52%
complice
52%
croisais
50%
doigts
50%
huis
50%
Est-ce
48%
faisaient
48%
n'aime
21%
bon
8%
Aucun quiz correspondant
Distribution des résultats
% des personnes avec chaque résultat
Percentile par nombre de réponses
Votre historique - résultats
Vous n’avez pas pris ce quiz